000 007110000a22002050004500
090 _aAR
_b03957
245 1 0 _aEscarabajos pasalidos (Coleoptera: Passalidae) de Colombia
_sdistribución geográfica y altitudinal
300 _a75-90
650 1 4 _aEntomología
_94483
650 1 4 _aZoogeografía
_993082
650 1 4 _aBioindicadores
_94131
650 1 4 _aInsectos tropicales
_93467
651 4 _pColombia
_992749
041 0 _aEspañol
700 1 _aReyes Castillo, Pedro
_992314
100 1 _aAmat García, Germán
_95379
260 _aBogotá
_bAcademia Colombiana de Ciencias Exactas, Físicas y Naturales
_c1996
942 _cARTICULO
773 1 _tEn Amat García, G.; Fernández F.eds./ Insectos de Colombia
999 _c12991
_d12991